Politics of urban redevelopment : A case study of old Delhi (Record no. 18222)
[ view plain ]
| 000 -LEADER | |
|---|---|
| fixed length control field | 00545nam a2200181Ia 4500 |
| 082 ## - DEWEY DECIMAL CLASSIFICATION NUMBER | |
| Classification number | TM.0087 |
| 100 ## - MAIN ENTRY--AUTHOR NAME | |
| Personal name | Mehra, Ajay Kumar |
| 245 #0 - TITLE STATEMENT | |
| Title | Politics of urban redevelopment : A case study of old Delhi |
| 260 ## - PUBLICATION, DISTRIBUTION, ETC. (IMPRINT) | |
| Year of publication | 1986 |
| Name of publisher | Jawaharlal Nehru University |
| 300 ## - PHYSICAL DESCRIPTION | |
| Number of Pages | 299p. + C D -26 |
| 650 ## - SUBJECT ADDED ENTRY--TOPICAL TERM | |
| Topical Term | URBAN REDEVELOPMENT//CITY PLANNING |
| 650 ## - SUBJECT ADDED ENTRY--TOPICAL TERM | |
| Topical Term | URBAN RENEWAL - DELHI |
| 650 ## - SUBJECT ADDED ENTRY--TOPICAL TERM | |
| Topical Term | MODEL CITIES//CITY PLANNING |
| 650 ## - SUBJECT ADDED ENTRY--TOPICAL TERM | |
| Topical Term | CITY PLANNING - DELHI |
| 650 ## - SUBJECT ADDED ENTRY--TOPICAL TERM | |
| Topical Term | SOCIOLOGY, URBAN///CITY PLANNING |
| 710 ## - ADDED ENTRY--CORPORATE NAME | |
| Corporate name or jurisdiction name as entry element | Ahmad, Imtiaz |
| 942 ## - ADDED ENTRY ELEMENTS (KOHA) | |
| Koha item type | Thesis |
| Source of classification or shelving scheme | Dewey Decimal Classification |
| Withdrawn status | Lost status | Damaged status | Not for loan | Home library | Current library | Date acquired | Bill Date | Full call number | Accession Number | Price effective from | Koha item type |
|---|---|---|---|---|---|---|---|---|---|---|---|
| NASSDOC Library | NASSDOC Library | 08/10/2004 | 2004-10-22 | TM.0087 | 25376 | 18/04/2019 | Thesis |
